SPECTOROMETRIC IDENTIFICATION OF ORGANIC COMPOUNDS (Record no. 8273)

MARC details
000 -LEADER
fixed length control field 00492nam a22001817a 4500
005 - DATE AND TIME OF LATEST TRANSACTION
control field 20230403154248.0
008 - FIXED-LENGTH DATA ELEMENTS--GENERAL INFORMATION
fixed length control field 230401b |||||||| |||| 00| 0 eng d
020 ## - INTERNATIONAL STANDARD BOOK NUMBER
ISBN 978-935464-229-6
041 ## - LANGUAGE CODE
Language code of text/sound track or separate title eng
082 ## - DEWEY DECIMAL CLASSIFICATION NUMBER
Classification number 541 SIL-S
100 ## - MAIN ENTRY--AUTHOR NAME
Personal name SILVERSTEIN ,ROBERT.,WEBSTER, FRANCIS X. AND OTHERS
245 ## - TITLE STATEMENT
Title SPECTOROMETRIC IDENTIFICATION OF ORGANIC COMPOUNDS
250 ## - EDITION STATEMENT
Edition statement 8th ed.
260 ## - PUBLICATION, DISTRIBUTION, ETC. (IMPRINT)
Name of publisher WILEY
Year of publication 2022
300 ## - PHYSICAL DESCRIPTION
Number of Pages 509;P.
650 ## - SUBJECT ADDED ENTRY--TOPICAL TERM
Topical Term PHARMACY
General subdivision B.PHARMA
942 ## - ADDED ENTRY ELEMENTS (KOHA)
Koha item type Books
Holdings
Lost status Damaged status Collection code Home library Current library Shelving location Date acquired Source of acquisition Cost, normal purchase price Full call number Accession Number Koha item type
    Reference JRU Library JRU Library SHELF-3-B 27/03/2023 LOHIA BOOK INTERNATIONAL 897.00 541 SIL-S 27645 Books
    PHARMACY JRU Library JRU Library SHELF-17-E 27/03/2023 LOHIA BOOK INTERNATIONAL 897.00 541 SIL-S 27646 Books
    PHARMACY JRU Library JRU Library SHELF-17-E 27/03/2023 LOHIA BOOK INTERNATIONAL 897.00 541 SIL-S 27647 Books
    PHARMACY JRU Library JRU Library SHELF-17-E 27/03/2023 LOHIA BOOK INTERNATIONAL 897.00 541 SIL-S 27648 Books
    PHARMACY JRU Library JRU Library SHELF-17-E 27/03/2023 LOHIA BOOK INTERNATIONAL 897.00 541 SIL-S 27649 Books